Urban Environment And Sustainability (Record no. 60211)
[ view plain ]
| 000 -LEADER | |
|---|---|
| fixed length control field | 00459nam a22001817a 4500 |
| 005 - DATE & TIME | |
| control field | 20260202163906.0 |
| 008 - FIXED-LENGTH DATA ELEMENTS--GENERAL INFORMATION | |
| fixed length control field | 260202b |||||||| |||| 00| 0 eng d |
| 020 ## - ISBN | |
| International Standard Book Number | 9788119680313 |
| Price | 1995.00 |
| 040 ## - CATALOGING SOURCE | |
| Original cataloging agency | Doon University |
| 041 ## - Language | |
| Language | English |
| 082 ## - DDC NUMBER | |
| Classification number | 363.7 |
| Book Number | BIS |
| 100 ## - MAIN ENTRY--PERSONAL NAME | |
| Personal name | Bisht, Swati |
| 245 ## - TITLE STATEMENT | |
| Title | Urban Environment And Sustainability |
| 260 ## - PUBLICATION, DISTRIBUTION, ETC. (IMPRINT) | |
| Place of publication, distribution, etc | Delhi |
| Name of publisher, distributor, etc | Academic Press |
| Date of publication, distribution, etc | 2025 |
| 300 ## - PHYSICAL DESCRIPTION | |
| Pages | 292 |
| 650 ## - Subject | |
| Subject | Urban Studies |
| 942 ## - ADDED ENTRY ELEMENTS (KOHA) | |
| Koha item type | Books |
| 100 ## - MAIN ENTRY--PERSONAL NAME | |
| -- | 26160 |
| 650 ## - Subject | |
| -- | 24652 |
| 952 ## - LOCATION AND ITEM INFORMATION (KOHA) | |
| -- | 2026-02-02 |
| 952 ## - LOCATION AND ITEM INFORMATION (KOHA) | |
| -- | 2026-02-02 |
| 952 ## - LOCATION AND ITEM INFORMATION (KOHA) | |
| -- | 2026-02-02 |
| 952 ## - LOCATION AND ITEM INFORMATION (KOHA) | |
| -- | 2026-02-03 |
| 952 ## - LOCATION AND ITEM INFORMATION (KOHA) | |
| -- | 2026-02-03 |
| 952 ## - LOCATION AND ITEM INFORMATION (KOHA) | |
| -- | 2026-02-03 |
| Withdrawn status | Lost status | Source of classification or shelving scheme | Damaged status | Not for loan | Location (home branch) | Sublocation or collection (holding branch) | Date acquired | Koha issues (times borrowed) | Koha full call number | Accession No. | Koha date last seen | Koha item type |
|---|---|---|---|---|---|---|---|---|---|---|---|---|
| Doon University | Doon University | 02.02.2026 | 363.7 BIS | 51974 | 02.02.2026 | Books | ||||||
| Doon University | Doon University | 02.02.2026 | 363.7 BIS | 51975 | 02.02.2026 | Books | ||||||
| Doon University | Doon University | 02.02.2026 | 363.7 BIS | 51976 | 02.02.2026 | Books | ||||||
| Not For Loan | Doon University | Doon University | 03.02.2026 | 363.7 BIS | 52037 | 03.02.2026 | Reference | |||||
| Doon University | Doon University | 03.02.2026 | 363.7 BIS | 52038 | 03.02.2026 | Books | ||||||
| Doon University | Doon University | 03.02.2026 | 363.7 BIS | 52039 | 03.02.2026 | Books |